| 000 | 00404nam a2200181Ia 4500 | ||
|---|---|---|---|
| 008 | 220531s9999 xx 000 0 und d | ||
| 041 | _aeng | ||
| 082 | _bWOD | ||
| 100 |
_aWodehouse, P. G. _936076 |
||
| 245 | _aPsmith In The City | ||
| 250 | _a1ST | ||
| 260 |
_bpengain _c1970 |
||
| 300 | _a157 | ||
| 542 | _d31-03-1996 | ||
| 650 |
_aEnglish _936077 |
||
| 906 | _d1995-1996 | ||
| 999 |
_c22064 _d22064 |
||